Statistics for Countries with the Most Mennonites

Click here to take the quiz!

General Stats

  • This quiz has been taken 116 times
  • The average score is 10 of 20

Answer Stats

#Country% Correct
538,839United States
100%
143,720Canada
97%
33,881Mexico
89%
47,202Germany
87%
256,611India
57%
235,852D.R. Congo
48%
37,172Kenya
47%
19,603Nigeria
46%
26,661Bolivia
45%
34,579Paraguay
44%
255,493Ethiopia
43%
65,456Tanzania
42%
33,606Angola
40%
111,372Indonesia
37%
45,284Zimbabwe
34%
21,175Honduras
33%
11,501Nicaragua
30%
18,772Zambia
30%
42,368Thailand
27%
10,500Vietnam
20%

Score Distribution

Percentile by Number Answered

Percent of People with Each Score

Your Score History

You have not taken this quiz